| 000 | 00921nam0a22002531 4500 | ||
|---|---|---|---|
| 001 | rc\4784708 | ||
| 005 | 20260407113318.0 | ||
| 021 |
_aRU _bРг5614-66 |
||
| 021 |
_aRU _b66-53307 |
||
| 035 | _a(NLR Aleph) 009005265 | ||
| 090 |
_a9332878 _c9332878 |
||
| 100 | _a20130417d1966 |||y0rusy50 ca | ||
| 101 | 0 | _arus | |
| 102 | _aRU | ||
| 105 | _ay c ||||| | ||
| 200 | 1 |
_aО порядке рассмотрения трудовых споров на предприятиях, в учреждениях и организациях _e(Метод. указания) _fМоск. гор. совет проф. союзов |
|
| 210 |
_aМосква _cБ. и. _d1966 |
||
| 215 |
_a15 с. _d20 |
||
| 712 | 0 | 2 |
_aМосковский городской совет профсоюзов _3RU\NLR\AUTH\8810065343 _9632298 |
| 801 | 0 |
_aRU _bNLR _gpsbo |
|
| 801 | 1 |
_aRU _bELAR _2rusmarc |
|
| 852 |
_aNLR _j66-4/12806 |
||
| 942 | _cBOOK | ||
| 980 | _aNB | ||